Silksong Areas & Subareas - Statistics

General Stats
  • This quiz has been taken 474 times
    406 since last reset
  • The average score is 31 of 50
Answer Stats
Area % Correct
Moss Grotto
92%
Bone Bottom
91%
The Marrow
88%
Deep Docks
87%
Far Fields
86%
Greymoor
86%
Bilewater
85%
Blasted Steps
83%
Bellhart
81%
Sands of Karak
79%
The Abyss
79%
Choral Chambers
78%
Shellwood
78%
Sinner's Road
78%
Hunter's March
77%
Underworks
77%
High Halls
76%
Mount Fay
76%
Weavenest Atla
75%
Wormways
74%
The Slab
72%
Cogwork Core
70%
Mosshome
69%
Putrified Ducts
69%
Grand Gate
68%
The Cradle
68%
Verdania
68%
Whispering Vaults
68%
Coral Tower
64%
Whiteward
64%
Songclave
54%
Memorium
53%
Wisp Thicket
53%
Fleatopia
51%
The Mist
51%
Voltnest
49%
Craw Lake
48%
Exhaust Organ
47%
Halfway Home
46%
The Stage
43%
Bilehaven
42%
Bonegrave
39%
The Cauldron
39%
Pilgrim's Rest
38%
Grand Bellway
37%
Pale Lake
34%
Red Memory
32%
The Forum
29%
Brightvein
27%
Citadel Spa
24%
No matching quizzes found
Score Distribution
Percent of People with Each Score
Percentile by Number Answered
Your Score History
You have not taken this quiz since the last reset